[Event "Ulaanbaatar Ikh Nuudel op"]
[Site "Ulaanbaatar"]
[Date "2016.10.03"]
[Round "7"]
[White "Oyunbaatar, Tumendemberel"]
[Black "Anu, Bayar"]
[Result "1/2-1/2"]
[WhiteElo "2134"]
[BlackElo "2038"]
[PlyCount "154"]
[EventDate "2016.09.29"]
[EventType "swiss"]
[EventRounds "9"]
[EventCountry "MGL"]
[SourceTitle "CBM 174 Extra"]
[Source "ChessBase"]
[SourceDate "2016.10.10"]
[SourceVersion "1"]
[SourceVersionDate "2016.10.10"]
[SourceQuality "1"]

1. d4 Nf6 2. c4 c5 3. d5 e6 4. Nc3 exd5 5. cxd5 g6 6. e4 d6 7. Nf3 Bg7 8. h3 0-0 9. Bd3 b5 10. Bxb5 Nxe4 11. Nxe4 Qa5+ 12. Nfd2 Qxb5 13. Nxd6 Qa6 14. N2c4 Nd7 15. 0-0 Ne5 16. Nxe5 Bxe5 17. Nxc8 Raxc8 18. Re1 Qf6 19. Rb1 Bd4 20. Qf3 Rfd8 21. Bf4 g5 22. Bg3 Qxf3 23. gxf3 Rxd5 24. b3 Bc3 25. Rbd1 Bd4 26. Kf1 Rc6 27. Re7 a6 28. Re8+ Kg7 29. b4 Rf5 30. bxc5 Bxc5 31. Rc1 Re6 32. Rxe6 fxe6 33. Ke2 Rd5 34. Rc4 a5 35. f4 Bd6 36. fxg5 Bxg3 37. fxg3 Rxg5 38. Kf3 Rd5 39. Rc7+ Kg6 40. Re7 Re5 41. Kf4 Re2 42. a4 h5 43. h4 Kf6 44. Ra7 e5+ 45. Kf3 Ra2 46. Rxa5 Kf5 47. Ra8 Ra3+ 48. Kf2 Ra2+ 49. Kf3 Ra3+ 50. Kg2 Ra2+ 51. Kh3 e4 52. Ra5+ Kg6 53. Rg5+ Kh6 54. a5 e3 55. Re5 e2 56. a6 Rxa6 57. Rxe2 Kg6 58. Rd2 Rb6 59. Kg2 Rf6 60. Rd5 Kh6 61. Rd7 Kg6 62. Rd3 Kh6 63. Rf3 Ra6 64. Kf2 Ra2+ 65. Ke3 Ra3+ 66. Kf4 Ra4+ 67. Kf5 Ra5+ 68. Kf6 Ra6+ 69. Kf7 Ra7+ 70. Kg8 Kg6 71. Kf8 Ra8+ 72. Ke7 Ra7+ 73. Kd6 Ra6+ 74. Kc5 Ra5+ 75. Kb4 Ra1 76. Kb3 Rb1+ 77. Kc2 Ra1 1/2-1/2

[Event "MGL-ch"]
[Site "Ulaanbaatar"]
[Date "2009.04.19"]
[Round "14"]
[White "Battulga, Namkhai"]
[Black "Oyunbaatar, Tumendemberel"]
[Result "1-0"]
[WhiteElo "2319"]
[BlackElo "2306"]
[PlyCount "71"]
[EventDate "2009.04.11"]
[EventType "tourn"]
[EventRounds "17"]
[EventCountry "MGL"]
[EventCategory "2"]
[SourceTitle "CBM 130 Extra"]
[Source "ChessBase"]
[SourceDate "2009.07.02"]
[SourceVersion "2"]
[SourceVersionDate "2009.07.15"]
[SourceQuality "1"]

1. e4 e5 2. Nf3 Nc6 3. Bb5 a6 4. Ba4 Nf6 5. d3 d6 6. c3 Be7 7. 0-0 b5 8. Bc2 0-0 9. Re1 Re8 10. Nbd2 Bf8 11. d4 Bb7 12. a3 g6 13. Nf1 Bg7 14. Ng3 h6 15. b4 d5 16. Nxe5 Nxe5 17. dxe5 Nxe4 18. f4 f5 19. Nxe4 dxe4 20. Bb3+ Kh7 21. Be3 Qe7 22. Qe2 Rad8 23. Bd4 Bd5 24. Bxd5 Rxd5 25. a4 c6 26. axb5 axb5 27. Ra7 Rd7 28. Ra6 Qe6 29. Rea1 Qd5 30. Qa2 Qxa2 31. R1xa2 g5 32. g3 Re6 33. Kf2 gxf4 34. gxf4 Bf8 35. Ra8 Bxb4 36. R2a7 1-0

[Event "MGL-ch"]
[Site "Ulaanbaatar"]
[Date "2009.04.17"]
[Round "11"]
[White "Oyunbaatar, Tumendemberel"]
[Black "Erdene, Ganzorig"]
[Result "0-1"]
[WhiteElo "2306"]
[BlackElo "2206"]
[PlyCount "109"]
[EventDate "2009.04.11"]
[EventType "tourn"]
[EventRounds "17"]
[EventCountry "MGL"]
[EventCategory "2"]
[SourceTitle "CBM 130 Extra"]
[Source "ChessBase"]
[SourceDate "2009.07.02"]
[SourceVersion "2"]
[SourceVersionDate "2009.07.15"]
[SourceQuality "1"]

1. d4 Nf6 2. c4 g6 3. Nc3 d5 4. cxd5 Nxd5 5. e4 Nxc3 6. bxc3 Bg7 7. Nf3 c5 8. Rb1 0-0 9. Be2 Qa5 10. 0-0 Qxc3 11. Bd2 Qa3 12. Qc2 Nc6 13. Rb3 Qa4 14. d5 Nd4 15. Nxd4 cxd4 16. Bb5 d3 17. Qxd3 Qd4 18. Bc3 Qxd3 19. Bxd3 Rd8 20. Bb4 e6 21. Be7 Rd7 22. d6 a6 23. a4 Be5 24. Rb6 Bd4 25. Rfb1 Bxb6 26. Rxb6 f5 27. e5 Rxe7 28. dxe7 Kf7 29. a5 Kxe7 30. f4 Ra7 31. Kf2 Bd7 32. Ke3 Bc6 33. g3 Ra8 34. Bc4 h6 35. h4 Kd7 36. Kd4 g5 37. hxg5 hxg5 38. fxg5 Rg8 39. Kc5 Kc7 40. Bxe6 Re8 41. Bf7 Rxe5+ 42. Kd4 Re4+ 43. Kc5 Rg4 44. g6 Rxg3 45. Rb3 Rg5 46. Rh3 f4+ 47. Kd4 f3 48. Ke3 Re5+ 49. Kf2 Re2+ 50. Kf1 Rc2 51. Rxf3 Bxf3 52. g7 Rg2 53. g8Q Rxg8 54. Bxg8 Bc6 55. Ke1 0-1

[Event "MGL-ch"]
[Site "Ulaanbaatar"]
[Date "2009.04.12"]
[Round "4"]
[White "Batsaikhan, Tserendori"]
[Black "Oyunbaatar, Tumendemberel"]
[Result "1/2-1/2"]
[WhiteElo "2068"]
[BlackElo "2306"]
[PlyCount "118"]
[EventDate "2009.04.11"]
[EventType "tourn"]
[EventRounds "17"]
[EventCountry "MGL"]
[EventCategory "2"]
[SourceTitle "CBM 130 Extra"]
[Source "ChessBase"]
[SourceDate "2009.07.02"]
[SourceVersion "2"]
[SourceVersionDate "2009.07.15"]
[SourceQuality "1"]

1. e4 e5 2. Nf3 Nc6 3. Bb5 a6 4. Ba4 Nf6 5. 0-0 Be7 6. Re1 b5 7. Bb3 d6 8. c3 0-0 9. h3 Bb7 10. d4 Re8 11. Nbd2 Bf8 12. a3 h6 13. Ba2 Nb8 14. Qc2 Nbd7 15. b4 Qe7 16. d5 c6 17. dxc6 Bxc6 18. Nb3 Rac8 19. Na5 Nb6 20. Qd3 Qd7 21. Nh4 d5 22. Nxc6 Qxc6 23. exd5 Nfxd5 24. Bd2 Nxc3 25. Bxc3 Qxc3 26. Bxf7+ Kxf7 27. Qg6+ Kg8 28. Qxb6 Qd4 29. Qxd4 exd4 30. Rxe8 Rxe8 31. Rd1 Be7 32. Re1 d3 33. Nf3 Kf8 34. Rd1 Rd8 35. Rd2 a5 36. Ne5 axb4 37. axb4 Bxb4 38. Rxd3 Rxd3 39. Nxd3 Bc3 40. Kf1 Ke7 41. Ke2 Kd6 42. Nc1 Kd5 43. Kd3 Bd4 44. f3 Bb2 45. Nb3 Ke5 46. Ke3 Ba3 47. f4+ Kd5 48. Kd3 Bb2 49. g4 Bf6 50. Nd2 b4 51. Ne4 Bd4 52. Nd2 Bb6 53. h4 Bf2 54. h5 Be1 55. Nc4 Bg3 56. Ne3+ Ke6 57. Nc2 b3 58. Nd4+ Kf6 59. Nxb3 Bxf4 1/2-1/2

[Event "Olympiad-38"]
[Site "Dresden"]
[Date "2008.11.20"]
[Round "7"]
[White "Wojtaszek, Radoslaw"]
[Black "Oyunbaatar, Tumendemberel"]
[Result "1-0"]
[WhiteElo "2599"]
[BlackElo "2306"]
[PlyCount "63"]
[EventDate "2008.11.13"]
[EventType "team-swiss"]
[EventRounds "11"]
[EventCountry "GER"]
[SourceTitle "CBM 128"]
[Source "ChessBase"]
[SourceDate "2009.01.28"]
[SourceVersion "1"]
[SourceVersionDate "2009.01.28"]
[SourceQuality "1"]
[WhiteTeam "Poland"]
[BlackTeam "Mongolia"]
[WhiteTeamCountry "POL"]
[BlackTeamCountry "MGL"]

1. c4 Nf6 2. Nf3 e6 3. d4 d5 4. g3 Be7 5. Bg2 0-0 6. 0-0 dxc4 7. Nc3 a6 8. Ne5 Nd5 9. Nxc4 b5 10. Nxd5 exd5 11. Ne5 Bb7 12. Qc2 Bd6 13. Nd3 Nd7 14. Bf4 Rc8 15. Rac1 Qf6 16. e3 g5 17. Bxd6 cxd6 18. Qd2 Qf5 19. f3 h6 20. Nf2 Rxc1 21. Rxc1 Nb6 22. b3 Re8 23. Rc7 Qb1+ 24. Bf1 Bc8 25. Rc6 Nc4 26. bxc4 dxc4 27. e4 Kg7 28. d5 Qa1 29. Kg2 Qe5 30. Qb4 Bd7 31. Rxa6 Rc8 32. Rxd6 1-0